00754nmc a2200277 a 4500003000900000005001700009008004100026040001300067100003400080245002300114250001200137260003300149300002200182490005900204521001500263650001400278650002400292650001700316653001800333653001200351653001700363653001700380653001700397655001500414700004700429AR-BaBNM20251128203633.0116119s1955 ||||||||||||||000 | spa|| cAR-BaBNM1 aCalderón de la Barca, Pedro10aLa vida es sueño a3ª ed. aBuenos AiresbKapeluszc19551 axiii, 111 p.bil. 0aBiblioteca de Grandes Obras de la Literatura Universal aSECUNDARIO 4aPESIMISMO 4aRECURSOS LITERARIOS 4aCULTERANISMO aTEATRO LIRICO aBARROCO aRELIGIOSIDAD aTRAGICOMEDIA aCOSTUMBRISMO aLITERATURA1 aEstrella Gutiérrez, Fermínecompilador